000 00794nam a22002297a 4500
001 2590
005 20240103151252.0
020 _a9780545081764
040 _aFISKH
_beng
_cFISKH
_dFISKH
050 _aPZ7.S65766
082 _a813.6
100 _aSmith, Roland
245 _aStorm runners :
_bEruption /
_cRoland Smith
250 _aThis edition first printing, August 2012
260 _aNew York :
_bScholastic,
_c2012
300 _a156 pages :
_c20 cm
505 _aK
520 _aTwelve-year-old Chase and his friend Nicole Rossi attempt to rescue the Rossi Brothers' Circus--lions, tigers, elephants, and all--in Mexico, where a massive earthquake has struck, leading to the imminent eruption of a volcano.
521 _a590
_bLexile
521 _aK
_bRaz-Plus
942 _2ddc
_cBK
_n0
999 _c2590
_d2590